UBT Library

Exploring business (Record no. 44318)

000 -LEADER
fixed length control field 00522cam a2200217 4500
001 - CONTROL NUMBER
control field 4547045
005 - DATE AND TIME OF LATEST TRANSACTION
control field 20180307080104.0
008 - FIXED-LENGTH DATA ELEMENTS--GENERAL INFORMATION
fixed length control field 690829s1968 onca 000 0 eng
010 ## - LIBRARY OF CONGRESS CONTROL NUMBER
LC control number 70403532
015 ## - NATIONAL BIBLIOGRAPHY NUMBER
National bibliography number C69-1547
040 ## - CATALOGING SOURCE
Original cataloging agency DLC
Transcribing agency DLC
Modifying agency DLC
041 ## - LANGUAGE CODE
Language code of text/sound track or separate title eng
080 ## - UNIVERSAL DECIMAL CLASSIFICATION NUMBER
Universal Decimal Classification number 650 col
082 00 - DEWEY DECIMAL CLASSIFICATION NUMBER
Classification number 650 col
100 ## - Rafti
Rafti 58
101 ## - Shkurtesa
Shkurtesa bus
245 00 - TITLE STATEMENT
Title Exploring business
Statement of responsibility, etc [by] J. Frank Dame [and others]
350 ## - PRICE (NR) (BK AM CF MU VM SE) [OBSOLETE]
Price 4.15
906 ## - LOCAL DATA ELEMENT F, LDF (RLIN)
a 7
b cbc
c orignew
d u
e ncip
f 19
g y-gencatlg
942 ## - ADDED ENTRY ELEMENTS (KOHA)
Source of classification or shelving scheme
Item type Books
Holdings
Withdrawn status Lost status Source of classification or shelving scheme Damaged status Not for loan Collection code Permanent location Current location Shelving location Date acquired Total Checkouts Full call number Barcode Date last seen Price effective from Koha item type
          Koleksioni i përgjithshem UBT - Lipjan UBT - Lipjan Koleksioni i përgjithshem 03/07/2018   650 col 002-3001054 03/07/2018 03/07/2018 Books
UBT Library © 2015-2024. All rights reserved University Education for Business and Technology